[Event "BCF-ch Soanes U1750 op"]
[Site "Hull"]
[Date "2024.07.27"]
[Round "3"]
[White "Sudagar, Vidhyuth Kavin"]
[Black "Taylor, Stephen A"]
[Result "1/2-1/2"]
[WhiteElo "1499"]
[BlackElo "1571"]
[PlyCount "61"]
[EventDate "2024.07.26"]
[EventType "swiss"]
[EventRounds "5"]
[EventCountry "ENG"]
[SourceTitle "CBM 221 Extra"]
[Source "ChessBase"]
[SourceDate "2024.09.30"]
[SourceVersion "1"]
[SourceVersionDate "2024.09.30"]
[SourceQuality "1"]

1. c4 Nf6 2. Nc3 e6 3. g3 d5 4. cxd5 exd5 5. d4 c6 6. Bg2 Be7 7. Nf3 0-0 8. 0-0 Bf5 9. Qb3 b6 10. Be3 Nbd7 11. Nh4 Be6 12. Qc2 g6 13. Nf3 Bf5 14. Qd1 Ne4 15. Nxe4 Bxe4 16. Qc1 Bf6 17. Nd2 Bxg2 18. Kxg2 Rc8 19. Qd1 c5 20. Nf3 Qe7 21. Rb1 Rfd8 22. Re1 Bg7 23. Qb3 Qe4 24. Qd3 cxd4 25. Bxd4 Qxd3 26. exd3 Re8 27. Bxg7 Kxg7 28. d4 Rxe1 29. Rxe1 Rc2 30. Re7 Nf6 31. Ne5 1/2-1/2